000 00410nam a2200145Ia 4500
008 151213s9999 xx 000 0 und d
100 _aEd. Sculley Bradley
245 _aThe American Tradition in Literature
_cEd. Sculley Bradley
260 _aNew York
_bNorton and Company
_c1967
300 _a8682 p.
650 _aAmerican Literature
650 _aReference
700 _aEd. Sculley Bradley
999 _c4468
_d4468